El espacio literario
Na minha lista:
| Autor principal: | |
|---|---|
| Formato: | Livro |
| Idioma: | espanhol |
| Publicado em: |
Barcelona
Paidós
1992
|
| Colecção: | Paidós Básica, 56
|
| Assuntos: | |
| Tags: |
Adicionar Tag
Sem tags, seja o primeiro a adicionar uma tag!
|
MARC
| LEADER | 00000nam a2200000 a 4500 | ||
|---|---|---|---|
| 001 | UCN3403 | ||
| 003 | CL-VaPUC | ||
| 005 | 20250318121538.0 | ||
| 008 | 010622e19920000SP |||||||||||||||||spa|d | ||
| 999 | |c 296308 |d 296306 | ||
| 040 | |c Pontificia Universidad Católica de Valparaíso | ||
| 082 | 0 | 4 | |a 801.95 |b BLA |2 21 |
| 100 | 0 | |a Blanchot, Maurice |e author |9 459939 | |
| 245 | 1 | 3 | |a El espacio literario |
| 260 | |a Barcelona |b Paidós |c 1992 | ||
| 300 | |a 264 p | ||
| 490 | 0 | |a Paidós Básica, 56 | |
| 583 | |a last modification |c 20010622 00:00:00 |k Rodrigo Vera | ||
| 600 | 0 | |a Mallarmé, Stéphane, |d 1842-1898 |9 862019 | |
| 600 | 0 | 7 | |a Kafka, Franz |d 1883-1924 |9 858642 |
| 600 | 0 | |a Rilke, Rainer Maria |9 265571 | |
| 600 | 0 | 7 | |a HOLDERLIN, FRIEDRICH |2 CL-VaPUC |9 265116 |
| 650 | 0 | |a Crítica e interpretación literaria |9 266284 | |
| 650 | 7 | |a INVESTIGACION LITERARIA |2 CL-VaPUC |9 324493 | |
| 650 | 0 | |a Creación artística |9 266215 | |
| 852 | |a BIBCUR | ||
| 942 | |c BK |2 ddc | ||
| 945 | |d 20010622 00:00:00 |a vberengu | ||
| 952 | |0 0 |1 0 |4 0 |6 801_950000000000000_BLA_1992 |7 0 |8 A |9 349983 |a BIBART |b BIBART |d 2019-11-20 |i 3694496 |l 1 |o 801.95 BLA 1992 |p 3694496 |r 2025-03-13 |s 2022-09-06 |w 2019-11-20 |y BK |k ART | ||